000 01426cam a22003737a 4500
003 CHAP
005 20220817043419.0
008 980206d1997 mx a r 00110 spa d
010 _a74770
011 _a75742
035 _a85311
040 _cCHAP
090 _aTesis
100 0 0 _aCamás Cauich, Marcos Antonio.
_917881
245 1 0 _aConstrucción de una máquina limpiadora y clasificadora de cebada maltera
_c/por Marcos Antonio Camás Cauich, José Antonio Gallardo Sandoval y Reynaldo Ledesma Jaime
260 _aChapingo, Méx. :
_bEl autor,
_c1997.
300 _a93 h. :
_bilus. ; gráfs. ; anexos
502 _aTesis (Ing. Mecánico Agrícola) -- UACH. Departamento de Ingeniería Mecánica Agrícola
590 _aALEPH
_b10
_c20130110
_lUCH01
_h1421
590 _aBATCH-UPD
_b10
_c20130110
_lUCH01
_h0808
590 _aBATCH-UPD
_b10
_c20130111
_lUCH01
_h0001
590 _aBATCH-UPD
_b10
_c20130410
_lUCH01
_h0445
590 _aBATCH-UPD
_b10
_c20130914
_lUCH01
_h0824
590 _aCONVERSION
_b10
_c20130109
_lUCH01
_h1341
650 1 4 _aCebada maltera.
650 1 4 _aMaquinaria agrícola
_xFabricación y comercio.
_971172
700 0 _aGallardo Sandoval, José Antonio.
_944368
700 0 _aLedesma Jaime, Reynaldo.
_965547
901 _aBK
905 _aLilia Sánchez G.
942 _cFOLL
949 _bBC
_cTES
_d33724000585931
_eTS2
_fc.2
_h32319
_i85311
_sb
949 _bBC
_cTES
_d853111
_eTS1
_h32318
_i85311
_sb
999 _c74770
_d74770